00708nam a2200169Ia 4500008004100000020001800041041000800059082001800067100005200085245016400137250000600301260004800307300001200355650002500367999001900392952012700411210716s2012 xx 000 0 und d a9781107652385 aeng a174.9363 BHAC aBhattacharya, C B;Sen, Sankar;Korschun, Daniel. aLeveraging corporate responsibility: the stakeholder route to maximizing business and social value.bStakeholder route to maximizing business and social value. a1 aNew DelhibCambridge University Pressc2012 axii,326 aCorporate Governance c208680d208680 001040708MBAaAIMITbAIMITd2014-10-08g595.00l0o174.9363 BHACpMBA11246r2026-05-23 00:00:00v476.00w2021-07-16yBK